[Event "Bayern-chTT (RL Sued-West)"]
[Site "Bayern 2008/09"]
[Date "2008.10.26"]
[Round "2.6"]
[White "Mueller, Marcus(63)"]
[Black "Osthoff, Michael"]
[Result "1-0"]
[WhiteElo "2093"]
[BlackElo "1936"]
[PlyCount "131"]
[EventDate "2009.03.??"]
[EventType "team-tourn"]
[EventRounds "9"]
[WhiteTeam "Garching 2"]
[BlackTeam "München-Siemens 1"]

1. Nf3 d5 2. c4 c6 3. d4 Nf6 4. e3 e6 5. Nc3 Nbd7 6. Qc2 Bd6 7. b3 O-O 8. Bb2
Qe7 9. Be2 b6 10. O-O Bb7 11. e4 dxe4 12. Nxe4 c5 13. Nxd6 Qxd6 14. Rad1 Qf4
15. dxc5 Nxc5 16. Be5 Qe4 17. Qb2 Ncd7 18. Bd6 Rfd8 19. Rd4 Qc6 20. Rfd1 Nf8
21. Bf1 Ng6 22. Ne5 Qe8 23. f3 Nxe5 24. Bxe5 Qe7 25. Bxf6 gxf6 26. Qf2 Kf8 27.
Qh4 Qc5 28. Qxf6 e5 29. b4 Qxd4+ 30. Rxd4 exd4 31. Bd3 Rac8 32. Qh8+ Ke7 33.
Qe5+ Kf8 34. Qh8+ Ke7 35. Qxh7 Rd6 36. Qf5 Rg8 37. Kf2 Bc8 38. Qe5+ Be6 39. c5
bxc5 40. bxc5 Rd5 41. Qc7+ Rd7 42. Qa5 Rc8 43. Qa3 Rcc7 44. g4 Kf6 45. h4 Rd5
46. c6 Rxc6 47. Qf8 Rc8 48. g5+ Ke5 49. Qe7 Rd7 50. Qf6+ Kd5 51. Be4+ Kc4 52.
g6 Rdd8 53. g7 d3 54. Qb2 Rb8 55. Qc1+ Kd4 56. Qe3+ Kc3 57. Bxd3 Bxa2 58. Bh7+
Kb4 59. g8=Q Rxg8 60. Bxg8 Rxg8 61. Qxa7 Be6 62. h5 Kc4 63. Qe3 Kd5 64. h6 Bf5
65. Qb3+ Ke5 66. Qxf7 1-0

[Event "Bayern-chTT (RL Sued-West)"]
[Site "Bayern 2008/09"]
[Date "2008.10.26"]
[Round "2.7"]
[White "Mattes, Heinz Dr"]
[Black "Lutz, Gerhard(65)"]
[Result "0-1"]
[WhiteElo "1888"]
[BlackElo "2084"]
[PlyCount "82"]
[EventDate "2009.03.??"]
[EventType "team-tourn"]
[EventRounds "9"]
[WhiteTeam "München-Siemens 1"]
[BlackTeam "Garching 2"]

1. d4 g6 2. c4 Bg7 3. Nc3 d6 4. Nf3 Bg4 5. e4 Nc6 6. Be3 e5 7. d5 Nd4 8. Be2
Nxe2 9. Qxe2 Bd7 10. Nd2 Nf6 11. f3 Nh5 12. O-O O-O 13. b4 Nf4 14. Bxf4 exf4
15. Rac1 a5 16. a3 axb4 17. axb4 c6 18. dxc6 bxc6 19. Kh1 Qb6 20. b5 Qe3 21.
Ndb1 cxb5 22. Qd1 b4 23. Nd5 Qc5 24. Nxf4 Rfb8 25. Nd2 Ba4 26. Qe2 b3 27. Rb1
b2 28. e5 Bxe5 29. Nd3 Qd4 30. f4 Bc2 31. Nxe5 dxe5 32. fxe5 Bd3 33. Qf3 Bxf1
34. Rxf1 Ra7 35. Nb3 Qxe5 36. c5 Qe6 37. Nd2 Ra1 38. Nb1 Qa2 39. Qd3 Ra8 40. c6
Rxb1 41. Rxb1 Qxb1+ 0-1

[Event "Bayern-chTT (RL Sued-West)"]
[Site "Bayern 2008/09"]
[Date "2008.10.26"]
[Round "2.8"]
[White "Weinberger, Wolfgang"]
[Black "Caspers, Christian"]
[Result "0-1"]
[WhiteElo "2039"]
[BlackElo "2028"]
[PlyCount "74"]
[EventDate "2009.03.??"]
[EventType "team-tourn"]
[EventRounds "9"]
[WhiteTeam "Garching 2"]
[BlackTeam "München-Siemens 1"]

1. Nf3 g6 2. g3 Bg7 3. Bg2 d6 4. O-O c5 5. c3 Nf6 6. d4 O-O 7. Nbd2 Nc6 8. e4
Qc7 9. Qe2 e5 10. dxe5 dxe5 11. Nc4 h6 12. Be3 b6 13. Nfd2 Ba6 14. f4 Nd7 15.
f5 Nf6 16. Rf2 Na5 17. b3 Rad8 18. g4 Nxc4 19. bxc4 g5 20. h4 Nh7 21. hxg5 hxg5
22. f6 Bxf6 23. Rxf6 Nxf6 24. Bxg5 Nh7 25. Bh6 Qd6 26. Be3 Qe6 27. Rf1 Bc8 28.
Bh3 Qg6 29. Rf2 Ng5 30. Bg2 f6 31. Kf1 Rd6 32. Bh1 Rfd8 33. Rh2 Kg7 34. Qf2 Rh8
35. Rxh8 Kxh8 36. Qh4+ Kg7 37. Bxg5 fxg5 0-1

[Event "Bayern-chTT (RL Sued-West)"]
[Site "Bayern 2008/09"]
[Date "2008.10.26"]
[Round "2.1"]
[White "Dengler, Peter"]
[Black "Rogobete, Nikolas Johann"]
[Result "0-1"]
[WhiteElo "2246"]
[BlackElo "2148"]
[PlyCount "62"]
[EventDate "2009.03.??"]
[EventType "team-tourn"]
[EventRounds "9"]
[WhiteTeam "Unterhaching 1"]
[BlackTeam "Türkheim 1"]

1. e4 d6 2. d4 Nf6 3. Nc3 c6 4. f4 Qa5 5. Bd3 g6 6. Nf3 Bg7 7. O-O O-O 8. e5
dxe5 9. fxe5 Nd5 10. Ne4 Qb6 11. c4 Nb4 12. Bb1 Bg4 13. a3 N4a6 14. c5 Qd8 15.
Be3 Nc7 16. h3 Nd5 17. Qd2 Nxe3 18. Qxe3 Be6 19. Ba2 Bxa2 20. Rxa2 Na6 21. b4
Nc7 22. Raf2 h6 23. g4 a5 24. g5 h5 25. Nh4 axb4 26. Nf6+ exf6 27. gxf6 Rxa3
28. Qd2 Ne6 29. fxg7 Rg3+ 30. Kh2 Qxh4 31. gxf8=Q+ Nxf8 0-1

[Event "Bayern-chTT (RL Sued-West)"]
[Site "Bayern 2008/09"]
[Date "2008.10.26"]
[Round "2.2"]
[White "Antemia, Paul"]
[Black "Schmidt, Gerhard(40)"]
[Result "0-1"]
[WhiteElo "2088"]
[BlackElo "2171"]
[PlyCount "70"]
[EventDate "2009.03.??"]
[EventType "team-tourn"]
[EventRounds "9"]
[WhiteTeam "Türkheim 1"]
[BlackTeam "Unterhaching 1"]

1. e4 c5 2. Nf3 d6 3. d4 cxd4 4. Nxd4 Nf6 5. Nc3 a6 6. a4 e5 7. Nb3 Be6 8. Bg5
Nbd7 9. Be2 Be7 10. Bxf6 Nxf6 11. Bf3 Rc8 12. O-O Qd7 13. Re1 O-O 14. Re2 Rfd8
15. Rd2 Bf8 16. Qe1 g6 17. Qe3 h5 18. Qg5 Nh7 19. Qe3 Be7 20. Qe1 Bg5 21. Rdd1
Bh6 22. h4 Qe7 23. g3 g5 24. Qe2 gxh4 25. Bxh5 Qg5 26. Kg2 Kh8 27. Rh1 Rg8 28.
Qf3 Nf6 29. Bxf7 Bxf7 30. Rag1 Be6 31. Kf1 h3 32. Nd5 Ng4 33. Qe2 Rcf8 34. f4
Bxd5 35. exd5 exf4 0-1

[Event "Bayern-chTT (RL Sued-West)"]
[Site "Bayern 2008/09"]
[Date "2008.10.26"]
[Round "2.3"]
[White "Urankar, Hans-Peter"]
[Black "Fischer, Manfred Dr(57)"]
[Result "1-0"]
[WhiteElo "2161"]
[BlackElo "2109"]
[PlyCount "43"]
[EventDate "2009.03.??"]
[EventType "team-tourn"]
[EventRounds "9"]
[WhiteTeam "Unterhaching 1"]
[BlackTeam "Türkheim 1"]

1. d4 f5 2. Bf4 Nf6 3. e3 b6 4. Nf3 Bb7 5. Bd3 e6 6. Nbd2 Be7 7. h3 c5 8. c3
Ne4 9. Rg1 O-O 10. g4 Nxd2 11. Kxd2 cxd4 12. Nxd4 Nc6 13. gxf5 Nxd4 14. exd4
exf5 15. Qh5 Be4 16. Bc4+ Kh8 17. Bf7 Rxf7 18. Qxf7 Qf8 19. Rxg7 Qxg7 20. Be5
Bg5+ 21. Ke2 Rg8 22. Rg1 1-0

[Event "Bayern-chTT (RL Sued-West)"]
[Site "Bayern 2008/09"]
[Date "2008.10.26"]
[Round "2.4"]
[White "Groenegress, Wilfried"]
[Black "Brosig, Boris"]
[Result "1-0"]
[WhiteElo "2019"]
[BlackElo "2132"]
[PlyCount "63"]
[EventDate "2009.03.??"]
[EventType "team-tourn"]
[EventRounds "9"]
[WhiteTeam "Türkheim 1"]
[BlackTeam "Unterhaching 1"]

1. e4 c5 2. Nc3 Nc6 3. Bb5 g6 4. Bxc6 bxc6 5. d3 Bg7 6. f4 d6 7. Nf3 Nf6 8. O-O
O-O 9. Qe1 Rb8 10. Rb1 Qc7 11. Bd2 Nd7 12. f5 Nf6 13. Qh4 Re8 14. Bh6 Bh8 15.
b3 Qa5 16. Bd2 Bg7 17. Na4 Qd8 18. Bh6 e6 19. fxg6 fxg6 20. Bg5 Rf8 21. e5 dxe5
22. Nxe5 Rb4 23. c4 h6 24. Be3 g5 25. Qe1 Rxa4 26. bxa4 Qd6 27. Bd2 Qd4+ 28.
Qe3 Qd6 29. Bc3 Rd8 30. Rbd1 Bd7 31. Nxd7 Rxd7 32. Bxf6 1-0

[Event "Bayern-chTT (RL Sued-West)"]
[Site "Bayern 2008/09"]
[Date "2008.10.26"]
[Round "2.5"]
[White "Broschwitz, Martin"]
[Black "Tudosa, Daniel"]
[Result "1-0"]
[WhiteElo "2086"]
[BlackElo "2027"]
[PlyCount "91"]
[EventDate "2009.03.??"]
[EventType "team-tourn"]
[EventRounds "9"]
[WhiteTeam "Unterhaching 1"]
[BlackTeam "Türkheim 1"]

1. d4 Nf6 2. Nf3 g6 3. g3 Bg7 4. Bg2 O-O 5. O-O d6 6. c4 Na6 7. Nc3 c5 8. b3
cxd4 9. Nxd4 Nc5 10. Bb2 Rb8 11. e4 a6 12. Qd2 Re8 13. Rad1 Bg4 14. f3 Bd7 15.
Rfe1 Qc7 16. Bf1 h5 17. Nd5 Nxd5 18. exd5 b5 19. Rc1 Qb6 20. Kh1 Kh7 21. f4
bxc4 22. Bxc4 a5 23. Re3 Qb7 24. Kg1 Qb6 25. Rce1 e5 26. dxe6 Nxe6 27. Nxe6
Bxe6 28. Bxg7 Kxg7 29. Qf2 Bd7 30. Re7 Qxf2+ 31. Kxf2 Rxe7 32. Rxe7 Be8 33. a4
Rc8 34. Ke3 Kf6 35. Ra7 Rc5 36. Kd4 g5 37. fxg5+ Rxg5 38. Bd5 Rg4+ 39. Kc3 Bxa4
40. bxa4 Rxa4 41. Bb3 Rg4 42. Rxa5 Kg6 43. Bd1 Rg5 44. Rxg5+ Kxg5 45. h4+ Kg6
46. Bc2+ 1-0

[Event "Bayern-chTT (RL Sued-West)"]
[Site "Bayern 2008/09"]
[Date "2008.10.26"]
[Round "2.6"]
[White "Lux, Werner"]
[Black "Czap, Bernhard"]
[Result "0-1"]
[WhiteElo "1929"]
[BlackElo "2076"]
[PlyCount "66"]
[EventDate "2009.03.??"]
[EventType "team-tourn"]
[EventRounds "9"]
[WhiteTeam "Türkheim 1"]
[BlackTeam "Unterhaching 1"]

1. e4 e6 2. d3 d5 3. Nd2 Nf6 4. g3 c5 5. Bg2 Nc6 6. Ngf3 Be7 7. O-O O-O 8. e5
Nd7 9. Re1 b5 10. Nf1 f6 11. exf6 Nxf6 12. Bh3 e5 13. Bxc8 Qxc8 14. Nxe5 Nxe5
15. Rxe5 Bd6 16. Re1 Qh3 17. Bd2 a5 18. a4 b4 19. Re2 Rad8 20. Bg5 Rd7 21. Bxf6
Rxf6 22. Re8+ Bf8 23. Re5 Rdf7 24. f4 Rf5 25. Qe2 g5 26. Rxf5 Qxf5 27. fxg5
Qxg5 28. Re1 Qf6 29. b3 c4 30. dxc4 dxc4 31. bxc4 Bc5+ 32. Ne3 Qf3 33. Qd2 Re7
0-1

[Event "Bayern-chTT (RL Sued-West)"]
[Site "Bayern 2008/09"]
[Date "2008.10.26"]
[Round "2.7"]
[White "Demir, Bilal"]
[Black "Erler, Mark"]
[Result "1/2-1/2"]
[WhiteElo "2066"]
[BlackElo "2018"]
[PlyCount "24"]
[EventDate "2009.03.??"]
[EventType "team-tourn"]
[EventRounds "9"]
[WhiteTeam "Unterhaching 1"]
[BlackTeam "Türkheim 1"]

1. e4 c5 2. Nf3 e6 3. d3 Nc6 4. g3 d6 5. Bg2 g6 6. Be3 Bg7 7. c3 Nf6 8. h3 O-O
9. O-O Qc7 10. Nbd2 b6 11. d4 Ba6 12. Re1 Rac8 1/2-1/2

[Event "Bayern-chTT (RL Sued-West)"]
[Site "Bayern 2008/09"]
[Date "2008.10.26"]
[Round "2.8"]
[White "Epple, Ulrich"]
[Black "Biberger, Hans"]
[Result "1-0"]
[WhiteElo "1973"]
[BlackElo "1932"]
[PlyCount "149"]
[EventDate "2009.03.??"]
[EventType "team-tourn"]
[EventRounds "9"]
[WhiteTeam "Türkheim 1"]
[BlackTeam "Unterhaching 1"]

1. e4 d5 2. exd5 Qxd5 3. Nc3 Qa5 4. d4 Nf6 5. Bc4 c6 6. Nf3 Bg4 7. Bd2 Qc7 8.
Qe2 Bxf3 9. Qxf3 e6 10. O-O-O Nbd7 11. Rhe1 Nb6 12. Bb3 O-O-O 13. Bf4 Bd6 14.
Bg5 Be7 15. Kb1 Rhe8 16. Bf4 Bd6 17. Be5 Bxe5 18. dxe5 Rxd1+ 19. Nxd1 Ng8 20.
c4 Qe7 21. Nc3 f5 22. exf6 Qxf6 23. Qg3 Rd8 24. Ne4 Qg6 25. Qxg6 hxg6 26. c5
Nd5 27. Nd6+ Kd7 28. Nxb7 Rf8 29. f3 Nge7 30. Nd6 Nf5 31. Nc4 Nh4 32. Ne5+ Kc7
33. g3 Nxf3 34. Nxf3 Rxf3 35. Bxd5 exd5 36. Re7+ Kb8 37. Rxg7 Rf1+ 38. Kc2 Rf2+
39. Kc3 Rxh2 40. Rxg6 Kb7 41. Rg7+ Ka6 42. a4 Re2 43. Rg6 Kb7 44. g4 Re4 45. b3
a5 46. g5 Re3+ 47. Kb2 d4 48. Rd6 Re2+ 49. Kc1 Re5 50. g6 Rxc5+ 51. Kd2 Rg5 52.
Kd3 Kc7 53. Rf6 c5 54. Rf7+ Kd6 55. g7 Ke6 56. Ra7 Kf6 57. Rc7 Rxg7 58. Rxc5
Rb7 59. Kxd4 Rxb3 60. Rxa5 Ke6 61. Kc4 Rb1 62. Rb5 Rc1+ 63. Kb4 Kd6 64. Ka5 Ra1
65. Rb2 Kc7 66. Rb4 Rc1 67. Ka6 Rg1 68. a5 Rg8 69. Ka7 Rg5 70. Rc4+ Kd8 71. a6
Rb5 72. Rc6 Kd7 73. Rb6 Rxb6 74. Kxb6 Kc8 75. a7 1-0

[Event "Bayern-chTT (RL Sued-West)"]
[Site "Bayern 2008/09"]
[Date "2008.10.26"]
[Round "2.1"]
[White "Schenk, Uwe Dr(64)"]
[Black "Hoy, Bernd"]
[Result "0-1"]
[WhiteElo "2150"]
[BlackElo "2239"]
[PlyCount "78"]
[EventDate "2009.03.??"]
[EventType "team-tourn"]
[EventRounds "9"]
[WhiteTeam "Sonthofen 1"]
[BlackTeam "Klosterlechfeld 1"]

1. Nf3 Nf6 2. c4 c5 3. Nc3 Nc6 4. g3 d6 5. d4 cxd4 6. Nxd4 e5 7. Nc2 Be6 8. Ne3
Be7 9. Bg2 O-O 10. O-O Qd7 11. Ncd5 Rfd8 12. Bd2 Bh3 13. Rc1 Bxg2 14. Kxg2 Ne4
15. f3 Ng5 16. Nxe7+ Nxe7 17. Nd5 Ne6 18. Be3 Nf5 19. Bf2 h5 20. e4 Ne7 21. h4
Ng6 22. Be3 Rf8 23. Qd3 f5 24. exf5 Rxf5 25. Qe4 Raf8 26. Rc3 b6 27. b4 Qf7 28.
c5 dxc5 29. bxc5 Rd8 30. Rd1 bxc5 31. Rb3 Nd4 32. Bxd4 exd4 33. Ne3 Re5 34. Qc2
Rde8 35. Qc4 Rxe3 36. Qxf7+ Kxf7 37. Rb7+ R8e7 38. Rb5 Rc3 39. Ra5 Ne5 0-1

[Event "Bayern-chTT (RL Sued-West)"]
[Site "Bayern 2008/09"]
[Date "2008.10.26"]
[Round "2.2"]
[White "Hornung, Hans Dr"]
[Black "Pleyer, Felix"]
[Result "1-0"]
[WhiteElo "2057"]
[BlackElo "1997"]
[PlyCount "75"]
[EventDate "2009.03.??"]
[EventType "team-tourn"]
[EventRounds "9"]
[WhiteTeam "Klosterlechfeld 1"]
[BlackTeam "Sonthofen 1"]

1. Nf3 Nf6 2. c4 g6 3. Nc3 Bg7 4. d4 c5 5. e4 d6 6. Be2 O-O 7. O-O Bg4 8. d5
Bxf3 9. Bxf3 Na6 10. Bg5 Nd7 11. Qd2 Nc7 12. Be2 Rb8 13. Kh1 a6 14. a4 b6 15.
f4 Bf6 16. h4 Kg7 17. e5 Bxg5 18. hxg5 dxe5 19. f5 b5 20. axb5 axb5 21. d6 exd6
22. f6+ Kh8 23. Qxd6 Rb6 24. Qd2 Nb8 25. Rad1 Qxd2 26. Rxd2 Ne6 27. cxb5 Nd4
28. Bc4 Nd7 29. g4 Rbb8 30. Rh2 Nb6 31. b3 Nxc4 32. bxc4 Ne6 33. Ne4 Rfd8 34.
Ra2 Rd4 35. Re1 Rxc4 36. Nd6 Rxg4 37. Nxf7+ Kg8 38. Nh6+ 1-0

[Event "Bayern-chTT (RL Sued-West)"]
[Site "Bayern 2008/09"]
[Date "2008.10.26"]
[Round "2.3"]
[White "Schweier, Lorenz"]
[Black "Heinrich, Lorenz"]
[Result "1/2-1/2"]
[WhiteElo "1998"]
[BlackElo "2042"]
[PlyCount "120"]
[EventDate "2009.03.??"]
[EventType "team-tourn"]
[EventRounds "9"]
[WhiteTeam "Sonthofen 1"]
[BlackTeam "Klosterlechfeld 1"]

1. e4 c5 2. Nf3 e6 3. c3 d5 4. e5 Ne7 5. d4 Nf5 6. a3 a5 7. Be2 Be7 8. O-O O-O
9. Be3 Nc6 10. g4 Nxe3 11. fxe3 f6 12. exf6 Rxf6 13. Nbd2 Qc7 14. e4 cxd4 15.
cxd4 Nxd4 16. Nxd4 Qb6 17. Rxf6 Bxf6 18. N2f3 dxe4 19. Qa4 Bd7 20. Qxd7 exf3
21. Bxf3 Qxd4+ 22. Qxd4 Bxd4+ 23. Kg2 Bxb2 24. Ra2 Bd4 25. Bxb7 Rb8 26. Bc6 Bb2
27. a4 Rb4 28. Kf3 Rb3+ 29. Ke4 Kf7 30. Bb5 Rb4+ 31. Kf3 g5 32. Bd3 h6 33. h3
Kf6 34. Ke2 Ke5 35. Kd2 Kd4 36. Kc2 e5 37. Bg6 Bc3 38. Bf5 Rc4 39. Kb3 Rb4+ 40.
Kc2 Rb6 41. Bh7 Bb4 42. Ra1 Rc6+ 43. Kd1 Rc3 44. Ke2 Rxh3 45. Rd1+ Kc4 46. Bg8+
Kc5 47. Rd5+ Kc6 48. Rxe5 Ra3 49. Re6+ Kd7 50. Rxh6 Rxa4 51. Bc4 Ra3 52. Rg6
Be7 53. Ra6 Kc7 54. Bd3 Bd6 55. Ke3 Ra1 56. Kd4 Bg3 57. Kc5 Bf2+ 58. Kb5 Be1
59. Bf5 Rc1 60. Rg6 Bh4 1/2-1/2

[Event "Bayern-chTT (RL Sued-West)"]
[Site "Bayern 2008/09"]
[Date "2008.10.26"]
[Round "2.4"]
[White "Steffen, Kevin"]
[Black "Oberhofer, Max"]
[Result "1-0"]
[WhiteElo "1990"]
[BlackElo "1996"]
[PlyCount "59"]
[EventDate "2009.03.??"]
[EventType "team-tourn"]
[EventRounds "9"]
[WhiteTeam "Klosterlechfeld 1"]
[BlackTeam "Sonthofen 1"]

1. d4 g6 2. e4 Bg7 3. Nf3 d6 4. h3 Nf6 5. Nc3 c6 6. a4 O-O 7. Be2 Qc7 8. O-O
Nbd7 9. Be3 c5 10. d5 a6 11. Nd2 b6 12. f4 Bb7 13. Bc4 Rfe8 14. Nf3 Nh5 15. Qe1
Bd4 16. Rd1 Ng3 17. Bxd4 cxd4 18. Qxg3 dxc3 19. b3 Qc5+ 20. Kh1 b5 21. axb5
axb5 22. Bd3 b4 23. Ng5 Nf6 24. f5 Ba6 25. fxg6 hxg6 26. Qh4 Nh5 27. g4 Bxd3
28. Rxd3 f6 29. gxh5 fxg5 30. Qxg5 1-0

[Event "Bayern-chTT (RL Sued-West)"]
[Site "Bayern 2008/09"]
[Date "2008.10.26"]
[Round "2.5"]
[White "Hopfauf, Fridolin"]
[Black "Heinrich, Helmut(60)"]
[Result "1/2-1/2"]
[WhiteElo "2085"]
[BlackElo "2006"]
[PlyCount "35"]
[EventDate "2009.03.??"]
[EventType "team-tourn"]
[EventRounds "9"]
[WhiteTeam "Sonthofen 1"]
[BlackTeam "Klosterlechfeld 1"]

1. e4 Nf6 2. Nc3 d5 3. e5 d4 4. exf6 dxc3 5. fxg7 cxd2+ 6. Qxd2 Qxd2+ 7. Bxd2
Bxg7 8. O-O-O Nc6 9. Bc4 Ne5 10. Be2 Bd7 11. Bc3 Rg8 12. Nf3 Ng4 13. Bxg7 Rxg7
14. Rhf1 Nf6 15. Ne5 O-O-O 16. Bf3 c6 17. Rfe1 Be6 18. Rxd8+ 1/2-1/2

[Event "Bayern-chTT (RL Sued-West)"]
[Site "Bayern 2008/09"]
[Date "2008.10.26"]
[Round "2.6"]
[White "Winterkamp, Stefan"]
[Black "Kuhnert, Josef"]
[Result "1/2-1/2"]
[WhiteElo "1978"]
[BlackElo "1963"]
[PlyCount "75"]
[EventDate "2009.03.??"]
[EventType "team-tourn"]
[EventRounds "9"]
[WhiteTeam "Klosterlechfeld 1"]
[BlackTeam "Sonthofen 1"]

1. b3 e5 2. Bb2 Nc6 3. e3 g6 4. Bb5 Nge7 5. f4 Bg7 6. Nf3 d6 7. fxe5 O-O 8. O-O
dxe5 9. e4 Bg4 10. Qe1 Bxf3 11. Rxf3 Nd4 12. Rd3 c6 13. Bc4 b5 14. Bxf7+ Rxf7
15. c3 Qb6 16. cxd4 exd4 17. b4 Raf8 18. Na3 a5 19. Nc2 axb4 20. Bxd4 Bxd4+ 21.
Nxd4 c5 22. Nf3 c4+ 23. Re3 Nc6 24. Kh1 Nd4 25. Qd1 Nxf3 26. gxf3 Qd4 27. Kg2
c3 28. Qe2 cxd2 29. Rd1 Rd8 30. Rb3 Qc5 31. Rd3 Qg5+ 32. Kf2 Rfd7 33. R1xd2
Qxd2 34. Qxd2 Rxd3 35. Qxb4 Rf8 36. Qxb5 Rfxf3+ 37. Kg2 Rfe3 38. Qe8+ 1/2-1/2

[Event "Bayern-chTT (RL Sued-West)"]
[Site "Bayern 2008/09"]
[Date "2008.10.26"]
[Round "2.7"]
[White "Maugg, Ludwig"]
[Black "Birnbaum, Karsten"]
[Result "1-0"]
[WhiteElo "1956"]
[BlackElo "1933"]
[PlyCount "83"]
[EventDate "2009.03.??"]
[EventType "team-tourn"]
[EventRounds "9"]
[WhiteTeam "Sonthofen 1"]
[BlackTeam "Klosterlechfeld 1"]

1. d4 f5 2. e4 d6 3. exf5 Bxf5 4. Bd3 Qd7 5. Nf3 Nf6 6. O-O Nc6 7. Bxf5 Qxf5 8.
c4 e5 9. d5 Ne7 10. Nc3 a6 11. Ng5 Rd8 12. f4 e4 13. Re1 h6 14. Ngxe4 Kd7 15.
Qd4 Rg8 16. Ng3 Qg4 17. Qe3 g6 18. h3 Qh4 19. Qe6+ Ke8 20. Nf1 g5 21. Qxf6 Qxe1
22. Rb1 Rg6 23. Qd4 Bg7 24. Qd3 Bxc3 25. bxc3 gxf4 26. Bxf4 Qh4 27. Bg3 Qg5 28.
Re1 Kf7 29. h4 Qg4 30. Re4 Qd7 31. h5 Rg7 32. Bh4 Kg8 33. Re6 Rf8 34. Bf6 Rxf6
35. Rxf6 Qg4 36. Qf3 Qxc4 37. Ne3 Qd3 38. Rxh6 Nf5 39. Re6 Nxe3 40. Rxe3 Qd2
41. Re8+ Kh7 42. Qf5+ 1-0

[Event "Bayern-chTT (RL Sued-West)"]
[Site "Bayern 2008/09"]
[Date "2008.10.26"]
[Round "2.8"]
[White "Koelbl, Wolfgang"]
[Black "Wiechmann, Gernot"]
[Result "1-0"]
[WhiteElo "1807"]
[BlackElo "1987"]
[PlyCount "119"]
[EventDate "2009.03.??"]
[EventType "team-tourn"]
[EventRounds "9"]
[WhiteTeam "Klosterlechfeld 1"]
[BlackTeam "Sonthofen 1"]

1. d4 Nf6 2. c4 e6 3. Nc3 Bb4 4. e3 b6 5. Bd3 O-O 6. a3 Bxc3+ 7. bxc3 d5 8. Nf3
Ba6 9. O-O Nc6 10. cxd5 Bxd3 11. Qxd3 exd5 12. Nd2 Re8 13. Bb2 Ne4 14. Nxe4
dxe4 15. Qe2 Qd5 16. c4 Qg5 17. f4 exf3 18. Rxf3 Qg4 19. Qf2 Nd8 20. Rg3 Qe4
21. d5 Re5 22. Qf6 Qxe3+ 23. Rxe3 gxf6 24. Bxe5 fxe5 25. Rxe5 Nb7 26. Re7 Rc8
27. a4 Kf8 28. Re3 Nd6 29. Rc1 c6 30. Rec3 Ne4 31. R3c2 cxd5 32. cxd5 Nc5 33.
a5 Rd8 34. axb6 axb6 35. Rd1 Ke7 36. Rb2 Rd6 37. Re2+ Kf8 38. Re5 Nd7 39. Rf5
f6 40. Rc1 Nc5 41. h4 Kf7 42. g4 Kg6 43. h5+ Kg7 44. Rb1 Nd3 45. Rd1 Nc5 46.
Re1 Nd7 47. Re6 Rxe6 48. dxe6 Nc5 49. e7 Kf7 50. Rxf6+ Kxe7 51. Rxb6 Kf7 52.
Kg2 Kg7 53. Kf3 Kf7 54. Kf4 Ne6+ 55. Rxe6 Kxe6 56. Kg5 Kf7 57. Kh6 Kg8 58. g5
Kh8 59. g6 hxg6 60. hxg6 1-0

[Event "Bayern-chTT (RL Sued-West)"]
[Site "Bayern 2008/09"]
[Date "2008.10.26"]
[Round "2.1"]
[White "Singer, Christoph(70)"]
[Black "Jussupow, Nadia"]
[Result "1-0"]
[WhiteElo "2312"]
[BlackElo "2123"]
[PlyCount "115"]
[EventDate "2009.03.??"]
[EventType "team-tourn"]
[EventRounds "9"]
[WhiteTeam "München-Tarrasch 2"]
[BlackTeam "Krumbach 2"]

1. e4 e5 2. Nf3 Nf6 3. Nc3 Bb4 4. Nxe5 O-O 5. Be2 d6 6. Nd3 Bxc3 7. dxc3 Nxe4
8. O-O Nc6 9. Be3 Ne5 10. f3 Nf6 11. Nf4 Re8 12. Bf2 Bd7 13. Qd2 Bc6 14. Rae1
h6 15. c4 Qd7 16. b3 Rac8 17. Nd5 Qf5 18. Nxf6+ Qxf6 19. Bg3 h5 20. h3 Ng6 21.
Bd3 h4 22. Bh2 Qd4+ 23. Qf2 Qxf2+ 24. Kxf2 b6 25. Bxg6 fxg6 26. Bf4 Kf7 27. Bg5
a5 28. Bxh4 b5 29. cxb5 Bxb5 30. Rxe8 Rxe8 31. Re1 a4 32. Rxe8 Kxe8 33. bxa4
Bxa4 34. c3 Kd7 35. a3 Ke6 36. Bd8 c6 37. Ke3 Bb5 38. h4 Bf1 39. g3 Bb5 40. Bb6
c5 41. Kf4 Kd5 42. Bc7 Kc6 43. Bb8 Bd3 44. Kg5 d5 45. Be5 d4 46. cxd4 c4 47.
Bxg7 Kd5 48. Kf4 c3 49. Ke3 Bb5 50. Bf6 Ke6 51. Be5 Kd5 52. f4 c2 53. Kd2 Bd3
54. g4 Kc4 55. h5 gxh5 56. gxh5 Be4 57. h6 Kb3 58. d5 1-0

[Event "Bayern-chTT (RL Sued-West)"]
[Site "Bayern 2008/09"]
[Date "2008.10.26"]
[Round "2.2"]
[White "Jussupow, Ekaterina"]
[Black "Wood, Christopher"]
[Result "1-0"]
[WhiteElo "2111"]
[BlackElo "2202"]
[PlyCount "117"]
[EventDate "2009.03.??"]
[EventType "team-tourn"]
[EventRounds "9"]
[WhiteTeam "Krumbach 2"]
[BlackTeam "München-Tarrasch 2"]

1. e4 e6 2. d4 d5 3. Nc3 Bb4 4. e5 c5 5. a3 Bxc3+ 6. bxc3 Ne7 7. Qg4 Qc7 8.
Qxg7 Rg8 9. Qxh7 cxd4 10. Ne2 Nbc6 11. f4 Bd7 12. Qd3 dxc3 13. Nxc3 Nf5 14. Nb5
Qd8 15. g3 a6 16. Nd6+ Nxd6 17. exd6 Qa5+ 18. Bd2 Qc5 19. Rb1 b5 20. Qh7 Rf8
21. h4 Qxa3 22. Bd3 Qxd6 23. O-O Ke7 24. Bg6 Qc5+ 25. Kh1 Qd4 26. Bc1 Qf6 27.
Ba3+ b4 28. Rxb4 Nxb4 29. Bxb4+ Ke8 30. Bxf8 Kxf8 31. Bd3 Ke7 32. Qh5 Bc6 33.
Qe5 d4+ 34. Kh2 Bd5 35. Qc7+ Kf8 36. Ra1 Kg7 37. Rxa6 Rxa6 38. Bxa6 Qf5 39.
Qe5+ Qxe5 40. fxe5 f6 41. exf6+ Kxf6 42. g4 e5 43. Kg3 e4 44. Kf4 e3 45. g5+
Kg7 46. Be2 Bc6 47. Ke5 Ba4 48. Kxd4 Bxc2 49. Kxe3 Bg6 50. h5 Be8 51. Kf4 Bf7
52. h6+ Kh8 53. Kf5 Be8 54. Kf6 Kh7 55. Bd3+ Kh8 56. Bc4 Bg6 57. Be6 Bh5 58.
Bf7 Bg6 59. Bxg6 1-0

[Event "Bayern-chTT (RL Sued-West)"]
[Site "Bayern 2008/09"]
[Date "2008.10.26"]
[Round "2.3"]
[White "Buchner, Rudolf"]
[Black "Lutz, Albert(45)"]
[Result "1/2-1/2"]
[WhiteElo "2179"]
[BlackElo "2045"]
[PlyCount "138"]
[EventDate "2009.03.??"]
[EventType "team-tourn"]
[EventRounds "9"]
[WhiteTeam "München-Tarrasch 2"]
[BlackTeam "Krumbach 2"]

1. e4 e5 2. Nf3 Nf6 3. d4 Nxe4 4. Bd3 d5 5. Nxe5 Be7 6. O-O O-O 7. Re1 Nf6 8.
Bg5 Nbd7 9. Nxd7 Bxd7 10. Nd2 h6 11. Bh4 Re8 12. c3 c6 13. Nf3 Bg4 14. h3 Bh5
15. g4 Bg6 16. Bxg6 fxg6 17. Ne5 Ne4 18. Bxe7 Qxe7 19. f4 Kh7 20. Qf3 Qf6 21.
Re2 Rad8 22. Rf1 Rf8 23. Kg2 Qh4 24. a4 Rd6 25. a5 Qd8 26. b4 Rdf6 27. Qe3 Qd6
28. a6 b6 29. Rf3 Qc7 30. c4 b5 31. c5 Qc8 32. Re1 Re8 33. Ra1 Ref8 34. Ra2 Re8
35. Kh2 Ref8 36. Rg2 Re8 37. h4 h5 38. gxh5 gxh5 39. Qg1 Re7 40. Rg6 Qf8 41.
Rxf6 Qxf6 42. Qe1 g6 43. Rf1 Re6 44. Nxg6 Nxc5 45. Ne5 Ne4 46. f5 Re8 47. Rf4
Qh6 48. Rf3 Nf6 49. Qg3 Rg8 50. Qf4 Qf8 51. Rg3 Qxb4 52. Rxg8 Nxg8 53. f6 Qb2+
54. Kg3 Nh6 55. f7 Qa3+ 56. Nf3 Qf8 57. Qf6 Nxf7 58. Ng5+ Kg8 59. Qxc6 Qd6+ 60.
Qxd6 Nxd6 61. Kf4 b4 62. Nf3 b3 63. Nd2 b2 64. Nb1 Kf7 65. Ke5 Ke7 66. Kxd5 Nf5
67. Kc6 Nxd4+ 68. Kb7 Kd7 69. Kxa7 Kc7 1/2-1/2